MARC details
| 000 -LEADER |
| fixed length control field |
02311nam a22004934a 4500 |
| 001 - CONTROL NUMBER |
| control field |
vtls003193733 |
| 003 - CONTROL NUMBER IDENTIFIER |
| control field |
MY-SjTCS |
| 005 - DATE AND TIME OF LATEST TRANSACTION |
| control field |
20200306171206.0 |
| 006 - FIXED-LENGTH DATA ELEMENTS--ADDITIONAL MATERIAL CHARACTERISTICS |
| fixed length control field |
m u |
| 007 - PHYSICAL DESCRIPTION FIXED FIELD--GENERAL INFORMATION |
| fixed length control field |
cr cn||||||||| |
| 008 - FIXED-LENGTH DATA ELEMENTS--GENERAL INFORMATION |
| fixed length control field |
100712s2002 qucab sb 001 0 eng c |
| 010 ## - LIBRARY OF CONGRESS CONTROL NUMBER |
| Canceled/invalid LC control number |
2004-444572 |
| 016 ## - NATIONAL BIBLIOGRAPHIC AGENCY CONTROL NUMBER |
| Canceled/invalid control number |
20020063016 |
| 020 ## - INTERNATIONAL STANDARD BOOK NUMBER |
| Canceled/invalid ISBN |
2894483112 |
| 035 ## - SYSTEM CONTROL NUMBER |
| System control number |
(CaPaEBR)ebr10178249 |
| 039 #9 - LEVEL OF BIBLIOGRAPHIC CONTROL AND CODING DETAIL [OBSOLETE] |
| -- |
201007121644 |
| -- |
VLOAD |
| 040 ## - CATALOGING SOURCE |
| Original cataloging agency |
CaPaEBR |
| Transcribing agency |
CaPaEBR |
| 041 1# - LANGUAGE CODE |
| Language code of text/sound track or separate title |
eng |
| Language code of original |
fre |
| 043 ## - GEOGRAPHIC AREA CODE |
| Geographic area code |
n-cn-qu |
| -- |
n-cn--- |
| 045 ## - TIME PERIOD OF CONTENT |
| Time period code |
v6x9 |
| 050 14 - LIBRARY OF CONGRESS CALL NUMBER |
| Classification number |
E78.Q3 |
| Item number |
V3813 2002eb |
| 082 04 - DEWEY DECIMAL CLASSIFICATION NUMBER |
| Classification number |
323.1197/0714 |
| Edition number |
22 |
| 100 1# - MAIN ENTRY--PERSONAL NAME |
| Personal name |
Vaugeois, Denis. |
| 9 (RLIN) |
299037 |
| 240 10 - UNIFORM TITLE |
| Uniform title |
Fin des alliances franco-indiennes. |
| Language of a work |
English |
| 245 14 - TITLE STATEMENT |
| Title |
The last French and Indian war |
| Medium |
[electronic resource] : |
| Remainder of title |
an inquiry into a safe-conduct issued in 1760 that acquired the value of a treaty in 1990 / |
| Statement of responsibility, etc. |
Denis Vaugeois ; translated by Käthe Roth. |
| 260 ## - PUBLICATION, DISTRIBUTION, ETC. |
| Place of publication, distribution, etc. |
[Montréal] : |
| Name of publisher, distributor, etc. |
McGill-Queens University Press : |
| -- |
Septentrion, |
| Date of publication, distribution, etc. |
c2002. |
| 300 ## - PHYSICAL DESCRIPTION |
| Extent |
291 p. : |
| Other physical details |
ill., maps ; |
| Dimensions |
24 cm. |
| 500 ## - GENERAL NOTE |
| General note |
Originally published: La fin des alliances franco-indiennes. Montréal : Boréal and Sillery : Septentrion, c1995. |
| 504 ## - BIBLIOGRAPHY, ETC. NOTE |
| Bibliography, etc. note |
Includes bibliographical references (p. [267]-274) and index. |
| 529 ## - |
| -- |
TSLHHL |
| 533 ## - REPRODUCTION NOTE |
| Type of reproduction |
Electronic reproduction. |
| Place of reproduction |
Palo Alto, Calif. : |
| Agency responsible for reproduction |
ebrary, |
| Date of reproduction |
2009. |
| Note about reproduction |
Available via World Wide Web. |
| -- |
Access may be limited to ebrary affiliated libraries. |
| 650 #0 - SUBJECT ADDED ENTRY--TOPICAL TERM |
| Topical term or geographic name entry element |
Indians of North America |
| Geographic subdivision |
Quebec (Province) |
| General subdivision |
Government relations. |
| 9 (RLIN) |
299038 |
| 650 #0 - SUBJECT ADDED ENTRY--TOPICAL TERM |
| Topical term or geographic name entry element |
Indians of North America |
| Geographic subdivision |
Quebec (Province) |
| Form subdivision |
Treaties. |
| 9 (RLIN) |
299039 |
| 650 #0 - SUBJECT ADDED ENTRY--TOPICAL TERM |
| Topical term or geographic name entry element |
Wyandot Indians |
| General subdivision |
Government relations. |
| 9 (RLIN) |
299040 |
| 650 #6 - SUBJECT ADDED ENTRY--TOPICAL TERM |
| Topical term or geographic name entry element |
Indiens d'Amérique |
| Geographic subdivision |
Québec (Province) |
| General subdivision |
Relations avec l'État. |
| 9 (RLIN) |
299041 |
| 650 #6 - SUBJECT ADDED ENTRY--TOPICAL TERM |
| Topical term or geographic name entry element |
Indiens d'Amérique |
| Geographic subdivision |
Québec (Province) |
| General subdivision |
Traités. |
| 9 (RLIN) |
299042 |
| 650 #6 - SUBJECT ADDED ENTRY--TOPICAL TERM |
| Topical term or geographic name entry element |
Hurons |
| General subdivision |
Relations avec l'État. |
| 9 (RLIN) |
299043 |
| 651 #0 - SUBJECT ADDED ENTRY--GEOGRAPHIC NAME |
| Geographic name |
Canada |
| General subdivision |
History |
| Chronological subdivision |
1755-1763. |
| 9 (RLIN) |
299044 |
| 651 #6 - SUBJECT ADDED ENTRY--GEOGRAPHIC NAME |
| Geographic name |
Canada |
| General subdivision |
Histoire |
| Chronological subdivision |
1760-1763 (Régime militaire) |
| 9 (RLIN) |
299045 |
| 655 #7 - INDEX TERM--GENRE/FORM |
| Genre/form data or focus term |
Electronic books. |
| Source of term |
local |
| 9 (RLIN) |
201578 |
| 700 1# - ADDED ENTRY--PERSONAL NAME |
| Personal name |
Roth, Kathe. |
| 9 (RLIN) |
299046 |
| 710 2# - ADDED ENTRY--CORPORATE NAME |
| Corporate name or jurisdiction name as entry element |
ebrary, Inc. |
| 9 (RLIN) |
25628 |
| 856 40 - ELECTRONIC LOCATION AND ACCESS |
| Uniform Resource Identifier |
https://ezproxy.taylors.edu.my/login?url=http://site.ebrary.com/lib/taylorscollege/Doc?id=10178249 |
| Public note |
An electronic book accessible through the World Wide Web; click to view |